| 000 | 00309nam a22001217a 4500 | ||
|---|---|---|---|
| 082 |
_a941 _bBRI |
||
| 245 | _aThe British Empire | ||
| 260 |
_aLondon _bOxford University Press. _c1937 |
||
| 300 |
_avi, 336. P _bill, _c29cm |
||
| 526 |
_a0 _b0 _c0 _d941_000000000000000_BRI |
||
| 650 |
_aMCE _9379 |
||
| 942 |
_2ddc _cBK |
||
| 999 |
_c552806 _d552806 |
||